000 01017aam a2200325 i 4500
001 768714001
003 CO-MdFUSB
005 20260127120945.0
007 ta
008 160528t1998 sp f |||| 00| 0 spa d
020 _a84-271-2009-5
040 _aCO-MdFUSB
_bEspañol
_cCO-MdFUSB
_dCO-MdFUSB
041 0 _aspa
082 0 4 _223
_a220.546
_bS337b
100 1 _aAlonso Schokel, Luis (1920-1998)
_eautor
245 1 0 _aBiblia del Peregrino
_b : edición de estudio
_c/ Luis Alonso Schökel
250 _atercera edición
264 1 _a Bilbao, España
_b : Mensajero,
_c[1998]
264 4 _c©1998
300 _a1095 páginas
_c; 25 cm
336 _2rdacontent
_atexto
_btxt
337 _2rdamedia
_asin mediación
_bn
338 _2rdacarrier
_avolumen
_bnc
505 _aVol. 1: Antiguo Testamento: Prosa. -- Vol. 2 Antiguo Testamento: Poesía. -- Vol. 3: Nuevo Testamento
563 _aPasta dura
630 0 7 _aBiblia
_xAutoridad
653 _aVersiones de la Biblia
942 _cBK
945 _aJTF-925
999 _c31641
_d31641